000 00609nam a2200241Ia 4500
003 OSt
005 20220918224538.0
006 a|||||r|||| 00| 0
007 ta
008 220917b |||||||| |||| 00| 0 eng d
024 _a229,938
037 _cTextual
040 _aARTS
_cARTS
_beng
041 _2eng
_aeng
082 _aV52,1y7C10, P5
100 _aLevick Barbara
_9148329
245 0 _aClaudius
260 _aLondon
_bRoutledge
_c2005
300 _avxi, 256p.
_ccm.
650 _aHISTORY
942 _hV52,1y7C10, P5
_cTEXL
_2CC
999 _c281595
_d281595